| 000 | 00790nam a2200265 i 4500 | ||
|---|---|---|---|
| 001 | 000030112 | ||
| 003 | DO-SdBNP | ||
| 005 | 20240619113636.0 | ||
| 007 | ta | ||
| 008 | 110429s19uu dr c 000 0 spa d | ||
| 040 |
_aDO-SdBNP _bspa _cBNPHU _erda |
||
| 049 | _aBNPD | ||
| 082 | 4 |
_bG861p _222 |
|
| 100 | 1 |
_aGrimaldi Silié, Eleanor, _d1948- _eautora _985713 |
|
| 245 | 1 | 0 |
_aPresidentes dominicanos 1844-1899 / _cEleanor Grimaldi Silié. |
| 264 |
_aSanto Domingo : _bEl Siglo, _c199-. |
||
| 300 |
_avolumenes : _bretratos ; _c29 cm. |
||
| 336 |
_2rdacontent _atexto _btxt |
||
| 337 |
_2rdamedia _asin mediación _bn |
||
| 338 |
_2rdacarrier _avolumen _bnc |
||
| 500 | _aLa biblioteca posee el volumen 1 y 2 | ||
| 590 | _aInventariado, 2023/BT | ||
| 910 | _aBtavárez | ||
| 942 |
_2ddc _cLF2 |
||
| 999 |
_c29604 _d29604 |
||